000 00785nam a22002057a 4500
003 LK-CoMWRAF
005 20231218113246.0
008 231218b2013 |||||||| |||| 00| 0 eng d
020 _a9789554429901
040 _aLK-CoMWRAF
_dLK-CoMWRAF
_eLK-CoMWRAF
041 _aeng
082 _a305.906
_bSKY
245 _aSky no roof :
_ba true story about naval occupation of a village and a people's relentless struggle to go back home
260 _aMannar:
_b Mannar Diocese of the Catholic Church assisted by the Human Rights in Conflict Program of the Law & Society Trust,
_c2013
300 _a 51 p., 34 unnumbered p. : ill., maps, facsimiles ; 23 cm
650 _aDisplacement (Psychology)- Sri Lanka
650 _aMilitary occupation
700 _aPerera, Kusal
_eed.
942 _cBK
999 _c4513
_d4513